<?xml version="1.0" encoding="UTF-8"?>
<record
    xmlns:xsi="http://www.w3.org/2001/XMLSchema-instance"
    xsi:schemaLocation="http://www.loc.gov/MARC21/slim http://www.loc.gov/standards/marcxml/schema/MARC21slim.xsd"
    xmlns="http://www.loc.gov/MARC21/slim">

  <leader>03122nam a2200709 a 4500</leader>
  <controlfield tag="008">220221s2020    a  a|||fr|||| 001 0 spa d</controlfield>
  <datafield tag="020" ind1=" " ind2=" ">
    <subfield code="a">9786078546442</subfield>
  </datafield>
  <datafield tag="041" ind1=" " ind2=" ">
    <subfield code="a">spa</subfield>
  </datafield>
  <datafield tag="092" ind1=" " ind2=" ">
    <subfield code="c">574.8</subfield>
    <subfield code="l">39</subfield>
    <subfield code="s">INT</subfield>
  </datafield>
  <datafield tag="245" ind1=" " ind2=" ">
    <subfield code="a">Introducci&#xF3;n a la biolog&#xED;a celular /</subfield>
    <subfield code="b">Bruce Alberts.</subfield>
  </datafield>
  <datafield tag="250" ind1=" " ind2=" ">
    <subfield code="a">5a ed.</subfield>
    <subfield code="b">Traducci&#xF3;n Adriana Morando.</subfield>
  </datafield>
  <datafield tag="260" ind1=" " ind2=" ">
    <subfield code="a">Ciudad de M&#xE9;xico:</subfield>
    <subfield code="b">Editorial M&#xE9;dica Panamericana;</subfield>
    <subfield code="c">2020.</subfield>
  </datafield>
  <datafield tag="300" ind1=" " ind2=" ">
    <subfield code="a">832 p.</subfield>
    <subfield code="b">il. 28cm</subfield>
  </datafield>
  <datafield tag="500" ind1=" " ind2=" ">
    <subfield code="a">Alberts, B. et al. (2020). Introducci&#xF3;n a la biolog&#xED;a celular. (5a ed.). M&#xE9;xico : Editorial M&#xE9;dica Panamericana.</subfield>
  </datafield>
  <datafield tag="653" ind1=" " ind2=" ">
    <subfield code="a">C&#xE9;lulas : las unidades b&#xE1;sicas de la vida.</subfield>
  </datafield>
  <datafield tag="653" ind1=" " ind2=" ">
    <subfield code="a">Microscopia.</subfield>
  </datafield>
  <datafield tag="653" ind1=" " ind2=" ">
    <subfield code="a">Hitos hist&#xF3;ricos en la determinaci&#xF3;n de la estructura celular.</subfield>
  </datafield>
  <datafield tag="653" ind1=" " ind2=" ">
    <subfield code="a">Arquitectura celular.</subfield>
  </datafield>
  <datafield tag="653" ind1="4" ind2=" ">
    <subfield code="a">Los mecanismos habituales de la vida.</subfield>
  </datafield>
  <datafield tag="653" ind1=" " ind2=" ">
    <subfield code="a">Algunos organismos modelo y sus genomas.</subfield>
  </datafield>
  <datafield tag="653" ind1=" " ind2=" ">
    <subfield code="a">Componentes qu&#xED;micos de las c&#xE9;lulas.</subfield>
  </datafield>
  <datafield tag="653" ind1=" " ind2=" ">
    <subfield code="a">Longitud t fuerza de algunos enlaces qu&#xED;micos.</subfield>
  </datafield>
  <datafield tag="653" ind1=" " ind2=" ">
    <subfield code="a">Composici&#xF3;n qu&#xED;mica de una c&#xE9;lula bacteriana.</subfield>
  </datafield>
  <datafield tag="653" ind1=" " ind2=" ">
    <subfield code="a">Descubrimiento delas macromol&#xE9;culas.</subfield>
  </datafield>
  <datafield tag="653" ind1=" " ind2=" ">
    <subfield code="a">Enlaces y grupos qu&#xED;micos.</subfield>
  </datafield>
  <datafield tag="653" ind1=" " ind2=" ">
    <subfield code="a">Propiedades qu&#xED;micas del agua.</subfield>
  </datafield>
  <datafield tag="653" ind1=" " ind2=" ">
    <subfield code="a">Principales tipos de enlaces no covalentes d&#xE9;biles.</subfield>
  </datafield>
  <datafield tag="653" ind1=" " ind2=" ">
    <subfield code="a">Esquema de algunos tipos de az&#xFA;cares.</subfield>
  </datafield>
  <datafield tag="653" ind1=" " ind2=" ">
    <subfield code="a">&#xC1;cidos grasos y otros l&#xED;pidos.</subfield>
  </datafield>
  <datafield tag="653" ind1="7" ind2=" ">
    <subfield code="a">Los 20 amino&#xE1;cidos presentes en las prote&#xED;nas.</subfield>
  </datafield>
  <datafield tag="653" ind1=" " ind2=" ">
    <subfield code="a">Estudio de lo nucle&#xF3;tidos.</subfield>
  </datafield>
  <datafield tag="653" ind1=" " ind2=" ">
    <subfield code="a">Energ&#xED;a, cat&#xE1;lisis y bios&#xED;ntesis.</subfield>
  </datafield>
  <datafield tag="653" ind1=" " ind2=" ">
    <subfield code="a">Energ&#xED;a libre y reacciones biol&#xF3;gicas.</subfield>
  </datafield>
  <datafield tag="653" ind1=" " ind2=" ">
    <subfield code="a">Relaci&#xF3;n entre el cambio de energ&#xED;a libre est&#xE1;ndar, AG,  y la constante de equilibrio 96.</subfield>
  </datafield>
  <datafield tag="653" ind1="4" ind2=" ">
    <subfield code="a">Los enlaces fosfato de alta energ&#xED;a impulsan procesos celulares.</subfield>
  </datafield>
  <datafield tag="653" ind1=" " ind2=" ">
    <subfield code="a">Algunas mol&#xE9;culas transportadoras activadas ampliamente usadas en el metabolismo.</subfield>
  </datafield>
  <datafield tag="653" ind1=" " ind2=" ">
    <subfield code="a">Estructura y funci&#xF3;n de las prote&#xED;nas.</subfield>
  </datafield>
  <datafield tag="653" ind1=" " ind2=" ">
    <subfield code="a">DNA y cromosomas.</subfield>
  </datafield>
  <datafield tag="653" ind1=" " ind2=" ">
    <subfield code="a">Replicaci&#xF3;n y reparaci&#xF3;n del DNA.</subfield>
  </datafield>
  <datafield tag="653" ind1="4" ind2=" ">
    <subfield code="a">Del DNA  a la prote&#xED;na c&#xF3;mo leen el genoma las c&#xE9;lulas.</subfield>
  </datafield>
  <datafield tag="653" ind1=" " ind2=" ">
    <subfield code="a">Control de la expresi&#xF3;n g&#xE9;nica.</subfield>
  </datafield>
  <datafield tag="653" ind1=" " ind2=" ">
    <subfield code="a">Evoluci&#xF3;n de los genes y genomas.</subfield>
  </datafield>
  <datafield tag="653" ind1=" " ind2=" ">
    <subfield code="a">An&#xE1;lisis de la estructura y funci&#xF3;n de los genes.</subfield>
  </datafield>
  <datafield tag="653" ind1=" " ind2=" ">
    <subfield code="a">Estructura de la membrana.</subfield>
  </datafield>
  <datafield tag="653" ind1=" " ind2=" ">
    <subfield code="a">Transporte a trav&#xE9;s de las membranas celulares.</subfield>
  </datafield>
  <datafield tag="653" ind1=" " ind2=" ">
    <subfield code="a">C&#xF3;mo obtienen las c&#xE9;lulas energ&#xED;a de los alimentos.</subfield>
  </datafield>
  <datafield tag="653" ind1=" " ind2=" ">
    <subfield code="a">Generaci&#xF3;n de energ&#xED;a en las mitocondrias y los cloroplastos.</subfield>
  </datafield>
  <datafield tag="653" ind1=" " ind2=" ">
    <subfield code="a">Compartimientos intracelulares y transporte de prote&#xED;nas.</subfield>
  </datafield>
  <datafield tag="653" ind1=" " ind2=" ">
    <subfield code="a">Se&#xF1;alizaci&#xF3;n celular.</subfield>
  </datafield>
  <datafield tag="653" ind1=" " ind2=" ">
    <subfield code="a">Citoesqueleto.</subfield>
  </datafield>
  <datafield tag="653" ind1=" " ind2=" ">
    <subfield code="a">Ciclo de divisi&#xF3;n celular.</subfield>
  </datafield>
  <datafield tag="653" ind1=" " ind2=" ">
    <subfield code="a">Reproducci&#xF3;n sexual y gen&#xE9;tica.</subfield>
  </datafield>
  <datafield tag="653" ind1=" " ind2=" ">
    <subfield code="a">Comunidades celulares : tejidos, c&#xE9;lulas madre y c&#xE1;ncer.</subfield>
  </datafield>
  <datafield tag="700" ind1="1" ind2=" ">
    <subfield code="a">Alberts, Bruce.</subfield>
    <subfield code="9">8</subfield>
  </datafield>
  <datafield tag="700" ind1="1" ind2=" ">
    <subfield code="a">Hopkin, Karen.</subfield>
    <subfield code="9">10</subfield>
  </datafield>
  <datafield tag="700" ind1="1" ind2=" ">
    <subfield code="a">Johnson, Alexander.</subfield>
    <subfield code="9">11</subfield>
  </datafield>
  <datafield tag="700" ind1="1" ind2=" ">
    <subfield code="a">Morgan, David.</subfield>
    <subfield code="9">4052</subfield>
  </datafield>
  <datafield tag="700" ind1="1" ind2=" ">
    <subfield code="a">Raff, Mart&#xED;n.</subfield>
    <subfield code="9">13</subfield>
  </datafield>
  <datafield tag="700" ind1="1" ind2=" ">
    <subfield code="a">Roberts, Keith.</subfield>
    <subfield code="9">14</subfield>
  </datafield>
  <datafield tag="700" ind1="1" ind2=" ">
    <subfield code="a">Walter, Peter.</subfield>
    <subfield code="9">15</subfield>
  </datafield>
  <datafield tag="942" ind1=" " ind2=" ">
    <subfield code="2">ddc</subfield>
    <subfield code="c">BK</subfield>
  </datafield>
  <datafield tag="999" ind1=" " ind2=" ">
    <subfield code="c">3127</subfield>
    <subfield code="d">3127</subfield>
  </datafield>
  <datafield tag="952" ind1=" " ind2=" ">
    <subfield code="0">0</subfield>
    <subfield code="1">0</subfield>
    <subfield code="2">ddc</subfield>
    <subfield code="4">0</subfield>
    <subfield code="7">0</subfield>
    <subfield code="a">BFM</subfield>
    <subfield code="b">BFM</subfield>
    <subfield code="c">CR</subfield>
    <subfield code="d">2022-02-21</subfield>
    <subfield code="e">Compra Facimed,Diciembre 2021</subfield>
    <subfield code="l">30</subfield>
    <subfield code="m">5</subfield>
    <subfield code="o">574.8 39 INT</subfield>
    <subfield code="p">4748</subfield>
    <subfield code="r">2026-04-06</subfield>
    <subfield code="s">2026-03-26</subfield>
    <subfield code="t"> Ej. 19</subfield>
    <subfield code="w">2022-02-21</subfield>
    <subfield code="y">BK</subfield>
    <subfield code="z">Compra Facimed,Diciembre 2021</subfield>
    <subfield code="f"></subfield>
  </datafield>
  <datafield tag="952" ind1=" " ind2=" ">
    <subfield code="0">0</subfield>
    <subfield code="1">0</subfield>
    <subfield code="2">ddc</subfield>
    <subfield code="4">0</subfield>
    <subfield code="7">0</subfield>
    <subfield code="a">BFM</subfield>
    <subfield code="b">BFM</subfield>
    <subfield code="c">CR</subfield>
    <subfield code="d">2022-02-21</subfield>
    <subfield code="e">Compra Facimed,Diciembre 2021</subfield>
    <subfield code="l">29</subfield>
    <subfield code="m">5</subfield>
    <subfield code="o">574.8 39 INT</subfield>
    <subfield code="p">4747</subfield>
    <subfield code="r">2026-03-04</subfield>
    <subfield code="s">2026-02-10</subfield>
    <subfield code="t">Ej. 18</subfield>
    <subfield code="w">2022-02-21</subfield>
    <subfield code="y">BK</subfield>
    <subfield code="z">Compra Facimed,Diciembre 2021</subfield>
    <subfield code="f"></subfield>
  </datafield>
  <datafield tag="952" ind1=" " ind2=" ">
    <subfield code="0">0</subfield>
    <subfield code="1">0</subfield>
    <subfield code="2">ddc</subfield>
    <subfield code="4">0</subfield>
    <subfield code="7">0</subfield>
    <subfield code="a">BFM</subfield>
    <subfield code="b">BFM</subfield>
    <subfield code="c">CR</subfield>
    <subfield code="d">2022-02-21</subfield>
    <subfield code="e">Compra Facimed,Diciembre 2021</subfield>
    <subfield code="l">38</subfield>
    <subfield code="m">5</subfield>
    <subfield code="o">574.8 39 INT</subfield>
    <subfield code="p">4746</subfield>
    <subfield code="r">2026-03-10</subfield>
    <subfield code="s">2025-12-09</subfield>
    <subfield code="t">Ej. 17</subfield>
    <subfield code="w">2022-02-21</subfield>
    <subfield code="y">BK</subfield>
    <subfield code="z">Compra Facimed,Diciembre 2021</subfield>
    <subfield code="f"></subfield>
  </datafield>
  <datafield tag="952" ind1=" " ind2=" ">
    <subfield code="0">0</subfield>
    <subfield code="1">0</subfield>
    <subfield code="2">ddc</subfield>
    <subfield code="4">0</subfield>
    <subfield code="7">0</subfield>
    <subfield code="a">BFM</subfield>
    <subfield code="b">BFM</subfield>
    <subfield code="c">CR</subfield>
    <subfield code="d">2022-02-21</subfield>
    <subfield code="e">Compra Facimed,Diciembre 2021</subfield>
    <subfield code="l">26</subfield>
    <subfield code="m">5</subfield>
    <subfield code="o">574.8 39 INT</subfield>
    <subfield code="p">4745</subfield>
    <subfield code="r">2026-04-21</subfield>
    <subfield code="s">2026-04-14</subfield>
    <subfield code="t">Ej. 16</subfield>
    <subfield code="w">2022-02-21</subfield>
    <subfield code="y">BK</subfield>
    <subfield code="z">Compra Facimed,Diciembre 2021</subfield>
    <subfield code="f"></subfield>
  </datafield>
</record>
